Central Library OPAC University of Rajshahi

ترجمه و شرح تبصرۀ علامه ;; Tarjumah va sharḥ-i Tabṣirah-ʼi ʻAllāmah./ (Record no. 82053)

MARC details
000 -LEADER
fixed length control field 00868nam a2200217 4500
001 - CONTROL NUMBER
control field 82053
003 - CONTROL NUMBER IDENTIFIER
rucl marc code BD-RjUL
005 - DATE AND TIME OF LATEST TRANSACTION
control field 20231005125733.0
008 - FIXED-LENGTH DATA ELEMENTS--GENERAL INFORMATION
fixed length control field 231005s19501329i ||||| |||| 00| 0 per d
035 ## - SYSTEM CONTROL NUMBER
System control number (BD-RjUL) 82053
040 ## - CATALOGING SOURCE
Original cataloging agency BD-RjUL
Language of cataloging eng
Transcribing agency BD-RjUL
041 ## - LANGUAGE CODE
Language code of text/sound track or separate title eng
082 ## - DEWEY DECIMAL CLASSIFICATION NUMBER
Edition number 23
Classification number 391.0088297
Author mark and year ZUT 1950
100 10 - MAIN ENTRY--PERSONAL NAME
Personal name ذو المجدين، زين العابدين ;; Z̲ū al-Majdayn, Zayn al-ʻAbidīn.
9 (RLIN) 9382
245 10 - TITLE STATEMENT
Title ترجمه و شرح تبصرۀ علامه ;; Tarjumah va sharḥ-i Tabṣirah-ʼi ʻAllāmah./
Statement of responsibility, etc. نگارش زين العابدين ذو المجدين ;; Nigārish-i Zayn al-ʻAbidīn
260 ## - PUBLICATION, DISTRIBUTION, ETC. (IMPRINT)
Place of publication, distribution, etc. : تهران،,
Name of publisher, distributor, etc. دانشگاه تهران،,
Date of publication, distribution, etc. 1329[1950]
490 ## - SERIES STATEMENT
Series statement انتصارات دانشكاه تهران ;
Volume/sequential designation ٩٣
650 ## - SUBJECT ADDED ENTRY--TOPICAL TERM
Topical term or geographic name as entry element Islam Customs and practices
9 (RLIN) 9383
Topical term or geographic name as entry element Islamic law
942 ## - ADDED ENTRY ELEMENTS (KOHA)
Source of classification or shelving scheme Dewey Decimal Classification
Koha item type Books
Holdings
Lost status Source of classification or shelving scheme Damaged status Not for loan Collection code Permanent Location Current Location Shelving location Date acquired Total Checkouts Full call number Date last seen Copy number Koha item type
  Dewey Decimal Classification   Not For Loan Non-fiction Central Library, University of Rajshahi Central Library, University of Rajshahi Reading Room 05/10/2023   F 391.0088297 ZUT 1950 05/10/2023 C-1 Books